| 000 | 00523nam a22001457a 4500 | ||
|---|---|---|---|
| 082 |
_aT-174CEM _bMuhammad Khisrow Khan |
||
| 100 |
_aMuhammad Khisrow Khan _948188 |
||
| 245 |
_aIdentification of factors affecting the bidding decision by contractors in construction projects of pakistan _cMuhammad Khisrow Khan |
||
| 260 |
_aRisalpur _bMuhammad Khisrow Khan _cc2014 |
||
| 300 | _a69 p. : | ||
| 526 |
_a0 _b0 _c0 _dT_174CEM_MUHAMMAD_KHISROW_KHAN |
||
| 650 |
_aMCE _9379 |
||
| 700 |
_aDr. Sarfraz Ahmed _929043 |
||
| 942 |
_2ddc _cBK |
||
| 999 |
_c551202 _d551202 |
||